<?xml version="1.0" encoding="UTF-8"?>
<record
    xmlns:xsi="http://www.w3.org/2001/XMLSchema-instance"
    xsi:schemaLocation="http://www.loc.gov/MARC21/slim http://www.loc.gov/standards/marcxml/schema/MARC21slim.xsd"
    xmlns="http://www.loc.gov/MARC21/slim">

  <leader>01344nam a22002417i 4500</leader>
  <datafield tag="999" ind1=" " ind2=" ">
    <subfield code="c">23458</subfield>
    <subfield code="d">23458</subfield>
  </datafield>
  <controlfield tag="003">AR-CdUCM</controlfield>
  <controlfield tag="008">260119b20212021 pe||||| |||| 00| 0 spa d</controlfield>
  <datafield tag="020" ind1=" " ind2=" ">
    <subfield code="a">978-612-48055-3-0</subfield>
  </datafield>
  <datafield tag="040" ind1=" " ind2=" ">
    <subfield code="a">MUNICIPALIDAD PROVINCIAL DEL CUSCO</subfield>
    <subfield code="c">BIBLIOTECA MUNICIPAL DEL CUSCO</subfield>
  </datafield>
  <datafield tag="082" ind1=" " ind2=" ">
    <subfield code="a">ES / 510 /</subfield>
    <subfield code="b">L81</subfield>
  </datafield>
  <datafield tag="100" ind1=" " ind2=" ">
    <subfield code="a">Loayza, Richard</subfield>
  </datafield>
  <datafield tag="245" ind1=" " ind2=" ">
    <subfield code="a">El Geniecito :</subfield>
    <subfield code="b">Formulario de ciencias /</subfield>
  </datafield>
  <datafield tag="260" ind1=" " ind2=" ">
    <subfield code="a">Lima-Per&#xFA; </subfield>
    <subfield code="b">Circulo Editorial S.A.C.</subfield>
    <subfield code="c">2021</subfield>
  </datafield>
  <datafield tag="300" ind1=" " ind2=" ">
    <subfield code="a">991 p&#xE1;ginas. :</subfield>
    <subfield code="c">17x12 cm.</subfield>
  </datafield>
  <datafield tag="505" ind1=" " ind2=" ">
    <subfield code="a">Razonamiento inductivo, deductivo -- Cronometr&#xED;a                                                                                                                                                                                                                                                                                                                                                                                                                                                                                                                           -- Edades -- Fracciones -- Series -- Sucesiones -- Promedios</subfield>
  </datafield>
  <datafield tag="650" ind1=" " ind2=" ">
    <subfield code="a">Metodos operativos       </subfield>
    <subfield code="9">52026</subfield>
  </datafield>
  <datafield tag="650" ind1=" " ind2=" ">
    <subfield code="a">numeraci&#xF3;n</subfield>
    <subfield code="9">39210</subfield>
  </datafield>
  <datafield tag="650" ind1=" " ind2=" ">
    <subfield code="a">Sumatoria</subfield>
    <subfield code="9">52027</subfield>
  </datafield>
  <datafield tag="650" ind1=" " ind2=" ">
    <subfield code="a">Estad&#xED;sticas</subfield>
    <subfield code="9">4614</subfield>
  </datafield>
  <datafield tag="942" ind1=" " ind2=" ">
    <subfield code="2">ddc</subfield>
    <subfield code="c">LIBROS</subfield>
  </datafield>
  <datafield tag="945" ind1=" " ind2=" ">
    <subfield code="a">pbjr</subfield>
    <subfield code="d">19-01-2026</subfield>
  </datafield>
  <datafield tag="952" ind1=" " ind2=" ">
    <subfield code="0">0</subfield>
    <subfield code="2">ddc</subfield>
    <subfield code="4">0</subfield>
    <subfield code="7">0</subfield>
    <subfield code="a">SI</subfield>
    <subfield code="b">SI</subfield>
    <subfield code="c">CART</subfield>
    <subfield code="d">2026-01-19</subfield>
    <subfield code="e">Donaci&#xF3;n</subfield>
    <subfield code="g">20.00</subfield>
    <subfield code="o">ES / 510 / L81</subfield>
    <subfield code="p">SI00005066</subfield>
    <subfield code="r">2026-01-19</subfield>
    <subfield code="y">LIBROS</subfield>
  </datafield>
</record>
